000 00808nam a2200265 i 4500
001 bgj
100 1 _aHANSEN, Walter
_d(1934- )
245 1 0 _aAsgard :
_bEntdeckungsfahrt in die germanische Götterwelt /
_cWalter Hansen ; Fotografiert von Eberhard Grames.
260 _aBergisch Gladbach :
_bGustav Lübbe Verlag,
_cc. 1985.
300 _a248 S. :
_bIll. ;
_c22 cm.
504 _aBibliographie S. 245-246.
505 _aRegister.
650 9 _aGötter, Nordisch
650 9 _aMythologie, Nordisch
650 9 _aMythologie, Germanisch
650 9 _aGeographie
_zIsland
651 9 _aIsland
_xReligion
700 1 _aGRAMES, Eberhard.
_eFotograf
020 _a3785704011
040 _cBPK
041 0 _ager
920 _a3-7857-0401-1
942 _cKS
008 s gw f |000 0 ger
999 _c50653
_d50653
856 _uhttp://koha.tu.koszalin.pl/cgi-bin/koha/opac-detail.pl?biblionumber=50653
_yKatalog online BPK